| 000 | 00849nas a2200277 4500 | ||
|---|---|---|---|
| 001 | BR2015003179 | ||
| 003 | BR-BrBNA | ||
| 005 | 20231205125248.0 | ||
| 007 | ta | ||
| 008 | 230509b bl.|||p| |||| 00| 00por d | ||
| 040 |
_aBR-BrBNA _bpor _cBiblioteca Nacional de Agricultura |
||
| 041 | _a(Pt) | ||
| 072 | _aE12; C20 | ||
| 100 | 1 | _aPrado, A.A. | |
| 100 | 1 | _aCosta, L.S. da | |
| 245 | 1 | _aTrabalho escravo contemporâneo na ótica de uma experiência de extensão universitária | |
| 650 | _aTRABALHO | ||
| 650 | _aTRABALHADOR RURAL | ||
| 650 | _aPECUÁRIA | ||
| 650 | _aPESQUISA SOCIAL | ||
| 650 | _aEXTENSÃO RURAL | ||
| 650 | _aUNIVERSIDADE | ||
| 773 | 0 |
_tRevista de Extensão e Estudos Rurais (Brazil) _xISSN 2179-5320 _g(2013), V. 2(1) p. 163-183 _wBR2015003179 |
|
| 909 |
_a202311 _bLúcia _c55 _dLúcia Elande |
||
| 942 |
_2AGRIS _n0 _cANA |
||
| 999 |
_c243503 _d243503 |
||